Usborne very first : A B C / (Record no. 48384)
| 000 -LEADER | |
|---|---|
| fixed length control field | 00345nam a2200109 4500 |
| 100 ## - MAIN ENTRY--PERSONAL NAME | |
| Personal name | Rosalinde, Bonnet, |
| Relator term | author. |
| 9 (RLIN) | 86029 |
| 245 ## - TITLE STATEMENT | |
| Title | Usborne very first : A B C / |
| Statement of responsibility, etc | Illustrated by Rasalinde Bonnet, Designed by Laura Hammonds. |
| 260 ## - PUBLICATION, DISTRIBUTION, ETC. (IMPRINT) | |
| Place of publication, distribution, etc | London : |
| Name of publisher, distributor, etc | Usborne : |
| Date of publication, distribution, etc | 2012. |
| 300 ## - PHYSICAL DESCRIPTION | |
| Extent | unpaged. |
| 490 ## - SERIES STATEMENT | |
| Series statement | Usborne very first word |
| 942 ## - ADDED ENTRY ELEMENTS (KOHA) | |
| Source of classification or shelving scheme | |
| Koha item type | Board Book |
| Withdrawn status | Lost status | Source of classification or shelving scheme | Damaged status | Not for loan | Home library | Current library | Date acquired | Total Checkouts | Full call number | Barcode | Checked out | Date last seen | Date checked out | Price effective from | Koha item type |
|---|---|---|---|---|---|---|---|---|---|---|---|---|---|---|---|
| Logos International School | Logos International School | 02/10/2025 | 2 | BB BON | 040344 | 04/03/2026 | 03/16/2026 | 03/16/2026 | 02/10/2025 | Board Book |